[Event "Ibiza-chT 38th"]
[Site "Ibiza"]
[Date "2016.03.18"]
[Round "4.2"]
[White "Prohens Lopez, Aitor"]
[Black "Schafer, Guillermo"]
[Result "0-1"]
[WhiteElo "1739"]
[BlackElo "1825"]
[PlyCount "72"]
[EventDate "2016.03.13"]
[EventType "team-tourn"]
[EventRounds "5"]
[EventCountry "ESP"]
[SourceTitle "EXT 2024"]
[Source "ChessBase"]
[SourceDate "2023.10.10"]
[SourceVersion "1"]
[SourceVersionDate "2023.10.10"]
[SourceQuality "1"]
[WhiteTeam "Casino de Ibiza"]
[BlackTeam "Ibiza 64"]
[WhiteTeamCountry "ESP"]
[BlackTeamCountry "ESP"]

1. e4 e6 2. d4 d5 3. Nc3 Bb4 4. e5 b6 5. Qg4 Bf8 6. f4 Ba6 7. Bxa6 Nxa6 8. Qe2 Nb8 9. Nf3 Ne7 10. Be3 Nf5 11. Bf2 Be7 12. g4 Nh4 13. 0-0-0 0-0 14. f5 Nxf3 15. Qxf3 c5 16. h4 cxd4 17. Bxd4 Nc6 18. g5 Nxd4 19. Rxd4 Qc7 20. Qg3 Rac8 21. f6 Bc5 22. Rd2 Bb4 23. fxg7 Kxg7 24. Rh3 Qe7 25. Rd3 Bxc3 26. Rxc3 Rxc3 27. Qxc3 Rd8 28. Qf3 Rc8 29. h5 Qxg5+ 30. Kd1 Qxe5 31. h6+ Kf8 32. Qa3+ Ke8 33. Qa4+ Kd8 34. Qxa7 Qd4+ 35. Rd3 Qg1+ 36. Kd2 Qf2+ 0-1

[Event "Ibiza-ch"]
[Site "Eivissa"]
[Date "2015.11.29"]
[Round "7"]
[White "Prohens Lopez, Aitor"]
[Black "Schafer, Guillermo"]
[Result "1-0"]
[WhiteElo "1673"]
[BlackElo "1837"]
[PlyCount "57"]
[EventDate "2015.11.07"]
[EventType "swiss"]
[EventRounds "7"]
[EventCountry "ESP"]
[SourceTitle "EXT 2019"]
[Source "ChessBase"]
[SourceDate "2018.10.10"]
[SourceVersion "1"]
[SourceVersionDate "2018.10.10"]
[SourceQuality "1"]

1. e4 e6 2. d4 d5 3. Nc3 Bb4 4. e5 b6 5. f4 Nh6 6. Nf3 Nf5 7. a3 Be7 8. Be2 Ba6 9. 0-0 0-0 10. Bxa6 Nxa6 11. Qd3 Nb8 12. Ne2 c5 13. c3 g6 14. Bd2 Nc6 15. Ng3 Nxg3 16. hxg3 Na5 17. Rae1 Rc8 18. Qe2 Qc7 19. f5 exf5 20. Bf4 Rfe8 21. e6 Bd6 22. exf7+ Qxf7 23. Ne5 Qb7 24. g4 cxd4 25. cxd4 Nc6 26. gxf5 Nxd4 27. Qg4 Qg7 28. fxg6 Bxe5 29. Bxe5 1-0

[Event "Ibiza-ch"]
[Site "Eivissa"]
[Date "2015.11.15"]
[Round "4"]
[White "Schafer, Guillermo"]
[Black "Planells Roig, Jose"]
[Result "0-1"]
[WhiteElo "1837"]
[BlackElo "2071"]
[PlyCount "59"]
[EventDate "2015.11.07"]
[EventType "swiss"]
[EventRounds "7"]
[EventCountry "ESP"]
[SourceTitle "EXT 2017"]
[Source "ChessBase"]
[SourceDate "2016.10.25"]
[SourceVersion "1"]
[SourceVersionDate "2016.10.25"]
[SourceQuality "1"]

1. Nf3 g6 2. g3 f5 3. d4 Nf6 4. b4 d5 5. Nbd2 Bg7 6. c4 c6 7. a4 dxc4 8. Nxc4 Be6 9. Nce5 Nbd7 10. Bg2 Ne4 11. 0-0 Nxe5 12. dxe5 Qxd1 13. Rxd1 Nc3 14. Rd2 Bh6 15. Nd4 Kf7 16. f4 Rad8 17. Bb2 Nd5 18. Nxe6 Kxe6 19. Rad1 Rc8 20. Bxd5+ cxd5 21. Rxd5 Rc4 22. Rd7 Rc2 23. R1d2 Rxb2 24. R2d4 Rxe2 25. Rxb7 Rc8 26. Rd1 Rcc2 27. Rxa7 Rg2+ 28. Kf1 Rxh2 29. Kg1 Rhg2+ 30. Kf1 0-1

[Event "Ibiza-ch"]
[Site "Eivissa"]
[Date "2015.11.07"]
[Round "1"]
[White "Prohens Lopez, Laia"]
[Black "Schafer, Guillermo"]
[Result "0-1"]
[WhiteElo "1338"]
[BlackElo "1837"]
[PlyCount "70"]
[EventDate "2015.11.07"]
[EventType "swiss"]
[EventRounds "7"]
[EventCountry "ESP"]
[SourceTitle "EXT 2017"]
[Source "ChessBase"]
[SourceDate "2016.10.25"]
[SourceVersion "1"]
[SourceVersionDate "2016.10.25"]
[SourceQuality "1"]

1. e4 e6 2. d4 d5 3. exd5 exd5 4. Nf3 Bd6 5. Bd3 Ne7 6. 0-0 Nbc6 7. Re1 Bg4 8. c3 Qd7 9. Bg5 f6 10. Bh4 0-0-0 11. Nbd2 h5 12. Bg3 g5 13. Bxd6 Qxd6 14. Qc2 h4 15. h3 Bd7 16. Nb3 g4 17. Nh2 gxh3 18. Re2 Rdg8 19. f3 Rg3 20. Kh1 Rhg8 21. Rg1 b6 22. Nd2 Ng6 23. Ndf1 Nf4 24. Rf2 hxg2+ 25. Rgxg2 Rxg2 26. Rxg2 Rxg2 27. Qb1 Kb7 28. Bf5 Bxf5 29. Qxf5 Ne7 30. Qh7 Neg6 31. Ne3 Rxb2 32. Nhg4 Rb1+ 33. Kh2 Nd3+ 34. Ne5 fxe5 35. Nf5 Qf6 0-1

[Event "Ibiza Eivissa op 4th"]
[Site "Eivissa"]
[Date "2015.02.08"]
[Round "4"]
[White "Schafer, Guillermo"]
[Black "Bordes Ibanez, Juan Bautista"]
[Result "0-1"]
[WhiteElo "1835"]
[BlackElo "1949"]
[PlyCount "109"]
[EventDate "2015.01.31"]
[EventType "swiss"]
[EventRounds "7"]
[EventCountry "ESP"]
[SourceTitle "EXT 2016"]
[Source "ChessBase"]
[SourceDate "2015.10.08"]
[SourceVersion "1"]
[SourceVersionDate "2015.10.08"]
[SourceQuality "1"]

1. Nf3 d5 2. c4 c6 3. g3 Nf6 4. Qc2 Nbd7 5. d4 e6 6. b3 a5 7. c5 b6 8. cxb6 Qxb6 9. Bg2 Bb4+ 10. Bd2 Ba6 11. Nc3 c5 12. a3 cxd4 13. axb4 dxc3 14. Bxc3 axb4 15. Bd4 Qb5 16. 0-0 0-0 17. e3 Rfc8 18. Qb2 Qe2 19. Qxe2 Bxe2 20. Rxa8 Rxa8 21. Ra1 Rxa1+ 22. Bxa1 Nc5 23. Bxf6 gxf6 24. Nd4 Bd1 25. Nc6 Bxb3 26. Nxb4 Bc4 27. f4 Kg7 28. Bf3 Kg6 29. Nc6 Bd3 30. Ne7+ Kg7 31. g4 Kf8 32. Nc6 Be4 33. Be2 h6 34. Kf2 Ke8 35. Bb5 Bd3 36. Bxd3 Nxd3+ 37. Kg3 e5 38. Kf3 Kd7 39. Na5 Nc5 40. e4 Nxe4 41. Nb3 Kc6 42. h4 Kb5 43. g5 hxg5 44. h5 gxf4 45. Kg4 Ng5 46. Nd2 Kc5 47. h6 Kd6 48. Nf3 Nh7 49. Kf5 e4 50. Nd2 f3 51. Kf4 Ke6 52. Nb3 f2 53. Nd2 f5 54. Ke3 Ke5 55. Kxf2 0-1

[Event "Ibiza Eivissa op 4th"]
[Site "Eivissa"]
[Date "2015.01.31"]
[Round "1"]
[White "Hernandez Pena, Juan Ignacio"]
[Black "Schafer, Guillermo"]
[Result "0-1"]
[WhiteElo "1310"]
[BlackElo "1835"]
[PlyCount "90"]
[EventDate "2015.01.31"]
[EventType "swiss"]
[EventRounds "7"]
[EventCountry "ESP"]
[SourceTitle "EXT 2016"]
[Source "ChessBase"]
[SourceDate "2015.10.08"]
[SourceVersion "1"]
[SourceVersionDate "2015.10.08"]
[SourceQuality "1"]

1. d4 Nf6 2. c4 c5 3. d5 b5 4. b3 bxc4 5. bxc4 g6 6. Bb2 Bg7 7. e3 d6 8. Bd3 Nbd7 9. Nf3 0-0 10. h3 Rb8 11. Bc3 Nb6 12. Na3 Bd7 13. Ba5 Qc8 14. Nd2 Qa6 15. Nb3 Ba4 16. Nb5 Rfc8 17. 0-0 Nbxd5 18. Nxc5 Qxa5 19. Qxa4 Qxa4 20. Nxa4 Nb4 21. Be2 a6 22. Nd4 Nd7 23. Rab1 Bxd4 24. exd4 Nxa2 25. c5 dxc5 26. dxc5 Rxb1 27. Rxb1 Nxc5 28. Bxa6 Nxa6 29. Ra1 Rc1+ 30. Rxc1 Nxc1 31. Nb6 Kf8 32. Kf1 Nc5 33. f3 N5d3 34. g3 e6 35. f4 Ke7 36. Kg2 e5 37. Kf3 Ke6 38. Ke3 exf4+ 39. gxf4 Nc5 40. Nc4 N1d3 41. Kd4 f6 42. Ne3 h5 43. h4 Kd6 44. f5 g5 45. hxg5 fxg5 0-1

[Event "Eivissa Insular-ch"]
[Site "Eivissa"]
[Date "2014.11.15"]
[Round "3"]
[White "Schafer, Guillermo"]
[Black "Adell Corts, Francisco"]
[Result "0-1"]
[WhiteElo "1835"]
[BlackElo "2197"]
[PlyCount "99"]
[EventDate "2014.10.25"]
[EventType "swiss"]
[EventRounds "7"]
[EventCountry "ESP"]
[SourceTitle "EXT 2016"]
[Source "ChessBase"]
[SourceDate "2015.10.08"]
[SourceVersion "1"]
[SourceVersionDate "2015.10.08"]
[SourceQuality "1"]

1. Nf3 c5 2. c4 Nc6 3. Nc3 g6 4. e3 Bg7 5. Be2 Nf6 6. d4 cxd4 7. Nxd4 0-0 8. 0-0 d6 9. b3 Bd7 10. Bb2 a6 11. Bf3 Rc8 12. Qd2 Qb6 13. Nxc6 Bxc6 14. Nd5 Nxd5 15. cxd5 Bxb2 16. Qxb2 Bd7 17. Rfc1 Rxc1+ 18. Rxc1 Rc8 19. Rxc8+ Bxc8 20. h4 Qc5 21. g3 b6 22. e4 Bb7 23. h5 b5 24. hxg6 hxg6 25. b4 Qc4 26. Qd2 Kg7 27. a3 f6 28. Qe3 Bc8 29. Kg2 g5 30. Be2 Qc2 31. Qd3 Qc1 32. Bd1 Qc7 33. Bc2 Qd7 34. e5 Qh3+ 35. Kg1 dxe5 36. Qg6+ Kf8 37. d6 Qh8 38. Qd3 exd6 39. Qxd6+ Kg7 40. Qe7+ Kh6 41. Qf7 Qg7 42. Qe8 Bg4 43. Qa8 Bh5 44. Qxa6 Bf3 45. Qc8 e4 46. Qf5 Qe7 47. Qxb5 Qc7 48. Qc5 Qd7 49. Qf8+ Kg6 50. Kh2 0-1

[Event "Calvia Amateur op 9th"]
[Site "Calvia"]
[Date "2012.10.09"]
[Round "4"]
[White "Schafer, Guillermo"]
[Black "Diaz Illescas, Juan Carlos"]
[Result "0-1"]
[WhiteElo "1791"]
[BlackElo "1887"]
[PlyCount "96"]
[EventDate "2012.10.06"]
[EventType "swiss"]
[EventRounds "9"]
[EventCountry "ESP"]
[SourceTitle "EXT 2013"]
[Source "ChessBase"]
[SourceDate "2012.11.22"]
[SourceVersion "1"]
[SourceVersionDate "2012.11.22"]
[SourceQuality "1"]

1. e4 c5 2. Nf3 e6 3. d4 cxd4 4. Nxd4 Qb6 5. Nb3 Nc6 6. Be3 Qc7 7. Nc3 a6 8. Bd3 Nf6 9. f4 d6 10. Qf3 b5 11. g4 Bb7 12. g5 Nd7 13. Qf2 Nb4 14. 0-0 Nc5 15. Nxc5 dxc5 16. Rfc1 Rd8 17. Bf1 Qe7 18. a3 Nc6 19. Rd1 Rc8 20. Rd2 Na5 21. Rad1 Bc6 22. b3 Nb7 23. Bg2 Qc7 24. e5 Be7 25. Ne4 0-0 26. Nd6 Bxd6 27. exd6 Qd7 28. b4 c4 29. Bd4 Bxg2 30. Qxg2 Nd8 31. c3 Nc6 32. Be5 Kh8 33. h4 f6 34. Bd4 Nxd4 35. Rxd4 fxg5 36. hxg5 Rf5 37. Qg3 Rcf8 38. Re1 Rd5 39. Qh3 Rxd4 40. cxd4 Qxd6 41. Qe3 Rd8 42. d5 Qxd5 43. Qxe6 Qxe6 44. Rxe6 Kg8 45. Rxa6 Rd4 46. a4 c3 47. f5 c2 48. Ra8+ Kf7 0-1

[Event "Baleares-ch"]
[Site "Can Picafort"]
[Date "2012.04.07"]
[Round "4"]
[White "Sanchez Garcia, Julio"]
[Black "Schafer, Guillermo"]
[Result "1-0"]
[WhiteElo "2093"]
[BlackElo "1784"]
[PlyCount "65"]
[EventDate "2012.04.05"]
[EventType "tourn"]
[EventRounds "7"]
[EventCountry "ESP"]
[SourceTitle "EXT 2014"]
[Source "ChessBase"]
[SourceDate "2013.11.20"]
[SourceVersion "1"]
[SourceVersionDate "2013.11.20"]
[SourceQuality "1"]

1. d4 Nf6 2. c4 c5 3. d5 e6 4. Nc3 exd5 5. cxd5 d6 6. e4 g6 7. Bd3 a6 8. a4 Bg7 9. h3 0-0 10. Nf3 Re8 11. 0-0 Nbd7 12. Re1 Ne5 13. Nxe5 Rxe5 14. Bf4 Re8 15. Qd2 Qc7 16. Bc4 Nd7 17. Bg3 Ne5 18. Ba2 Rb8 19. f4 Nd7 20. e5 Nf8 21. exd6 Rxe1+ 22. Rxe1 Qxd6 23. Ne4 Qb6 24. f5 Bd4+ 25. Kh1 Ra8 26. fxg6 hxg6 27. Re2 Bf5 28. Nd6 Bd7 29. a5 Qd8 30. Qf4 Qf6 31. Qxf6 Bxf6 32. Bc4 Ra7 33. Bf2 1-0

[Event "Baleares-ch"]
[Site "Can Picafort"]
[Date "2012.04.07"]
[Round "5"]
[White "Schafer, Guillermo"]
[Black "Massanet Massanet, Sebastian"]
[Result "0-1"]
[WhiteElo "1784"]
[BlackElo "2213"]
[PlyCount "50"]
[EventDate "2012.04.05"]
[EventType "tourn"]
[EventRounds "7"]
[EventCountry "ESP"]
[SourceTitle "EXT 2014"]
[Source "ChessBase"]
[SourceDate "2013.11.20"]
[SourceVersion "1"]
[SourceVersionDate "2013.11.20"]
[SourceQuality "1"]

1. e4 e6 2. d4 d5 3. Nc3 Nf6 4. e5 Nfd7 5. f4 c5 6. Nf3 Nc6 7. Be3 Qb6 8. Na4 Qa5+ 9. c3 cxd4 10. b4 Nxb4 11. cxb4 Bxb4+ 12. Bd2 Bxd2+ 13. Nxd2 0-0 14. Be2 b5 15. Nb2 Nb6 16. 0-0 Nc4 17. Nbxc4 bxc4 18. Bxc4 dxc4 19. Nxc4 Qd5 20. Nd6 Ba6 21. Rf2 Rab8 22. Qa4 Rb6 23. Re1 f6 24. Rd2 fxe5 25. fxe5 Qxe5 0-1